000 00527nam a2200217Ia 4500
003 OSt
005 20220928151955.0
006 a|||||r|||| 00| 0
007 ta
008 220927b |||||||| |||| 00| 0 eng d
024 _a138430
037 _cTextual
040 _aSDCL
_cSDCL
_beng
041 _2eng
_aeng
082 _aO-,M:g, K6
100 _aSchenk H G
_9518724
245 0 _aMind of the european romantics
260 _c1986
942 _hO-,M:g, K6
_cTEXL
_2CC
999 _c853710
_d853710